000 00408nam a2200157Ia 4500
008 220803s9999 xx 000 0 und d
020 _a978-81-904530-2-8
041 _aeng
082 _a823 BAN
100 _aBansal R
_928864
245 _aConnect The Dots
260 _aAhmedabad
_bEklavya Education Foundation
_c2010
300 _a305p
650 _aEnglish Literature
_928865
700 _aBansal R
_928864
999 _c18189
_d18189